Lord Of the Flies/ (Record no. 191143)
[ view plain ]
| 000 -LEADER | |
|---|---|
| fixed length control field | 00512nam a22001817a 4500 |
| 005 - DATE AND TIME OF LATEST TRANSACTION | |
| control field | 20220822104148.0 |
| 010 ## - LCCN (DPL NO) | |
| LC control number | ENG-134518 |
| 020 ## - INTERNATIONAL STANDARD BOOK NUMBER | |
| International Standard Book Number | 9789381522516 |
| Terms of availability | 196.00 |
| 035 ## - SYSTEM CONTROL NUMBER | |
| System control number | EN-118050 |
| 037 ## - SOURCE OF ACQUISITION | |
| Source of stock number/acquisition | DBAD/PUB |
| 082 ## - DEWEY DECIMAL CLASSIFICATION NUMBER | |
| Classification number | N |
| 100 ## - MAIN ENTRY--PERSONAL NAME | |
| Personal name | Golding, Willam |
| 245 ## - TITLE STATEMENT | |
| Title | Lord Of the Flies/ |
| Statement of responsibility, etc | Willam Golding |
| 260 ## - PUBLICATION, DISTRIBUTION, ETC. (IMPRINT) | |
| Place of publication, distribution, etc | Delhi |
| Name of publisher, distributor, etc | Kalra Publications Ltd |
| Date of publication, distribution, etc | 2011 |
| 270 ## - ADDRESS | |
| Address | 2619-20/3, New Market Nai Sarak |
| City | Delhi |
| Postal code | 110006 |
| Electronic mail address | kpplbooks@hotmail.com |
| 300 ## - PHYSICAL DESCRIPTION | |
| Extent | xv, 248p. |
| Dimensions | 23cm(hb) |
| 942 ## - ADDED ENTRY ELEMENTS (KOHA) | |
| Source of classification or shelving scheme | Dewey Decimal Classification |
| Item type | English Books |
| Classification part | N |
| Call number suffix | GOL |
| Withdrawn status | Lost status | Not for loan | Collection code | Home library | Current library | Date acquired | Source of acquisition | Cost, normal purchase price | Full call number | Barcode | Copy number | Cost, replacement price | Koha item type |
|---|---|---|---|---|---|---|---|---|---|---|---|---|---|
| Fiction | Ashok Vihar | Ashok Vihar | 22/08/2022 | DBAD/PUB | 196.00 | N GOL | EN-118050 | 1 | 196.00 | English Books |
